[Event "Mitropa Cup 26th"]
[Site "Szeged"]
[Date "2007.05.13"]
[Round "6"]
[White "Sebenik, Matej"]
[Black "Varga, Zoltan"]
[Result "0-1"]
[WhiteElo "2483"]
[BlackElo "2499"]
[PlyCount "64"]
[EventDate "2007.05.08"]
[EventType "team-tourn"]
[EventRounds "9"]
[EventCountry "HUN"]
[Source "ChessBase"]
[SourceDate "2007.07.04"]

1. d4 d5 2. Nf3 c6 3. c4 Nf6 4. e3 Bf5 5. Nc3 e6 6. Nh4 Be4 7. f3 Bg6 8. Qb3
Qb6 9. Nxg6 hxg6 10. Bd2 Nbd7 11. g3 Be7 12. Kf2 Rd8 13. cxd5 Nxd5 14. Nxd5
exd5 15. Qc3 c5 16. dxc5 Nxc5 17. b4 Ne6 18. Qd3 a6 19. Kg2 d4 20. e4 g5 21.
Be2 Nf8 22. Qb3 d3 23. Qa4+ Nd7 24. Bd1 Qd4 25. Rb1 b5 26. Qxa6 Ne5 27. Qxb5+
Kf8 28. Bb3 g4 29. Rhf1 gxf3+ 30. Rxf3 Qxe4 31. Rbf1 Nxf3 32. Rxf3 Qe2+ 0-1

[Event "Mitropa Cup 26th"]
[Site "Szeged"]
[Date "2007.05.13"]
[Round "6"]
[White "Tibensky, Robert"]
[Black "Ragger, Markus"]
[Result "1/2-1/2"]
[WhiteElo "2422"]
[BlackElo "2498"]
[PlyCount "32"]
[EventDate "2007.05.08"]
[EventType "team-tourn"]
[EventRounds "9"]
[EventCountry "HUN"]
[Source "ChessBase"]
[SourceDate "2007.07.04"]

1. Nf3 Nf6 2. g3 d5 3. Bg2 c6 4. b3 Bg4 5. Bb2 Nbd7 6. O-O e6 7. d4 Be7 8. c4
O-O 9. Nc3 h6 10. h3 Bf5 11. e3 Ne4 12. Qe2 Ndf6 13. Nd2 Nxc3 14. Bxc3 Qd7 15.
Rfd1 Rfd8 16. Nf3 Rac8 1/2-1/2

[Event "Mitropa Cup 26th"]
[Site "Szeged"]
[Date "2007.05.13"]
[Round "6"]
[White "Wirig, Anthony"]
[Black "Jenni, Florian"]
[Result "1/2-1/2"]
[WhiteElo "2443"]
[BlackElo "2518"]
[PlyCount "29"]
[EventDate "2007.05.08"]
[EventType "team-tourn"]
[EventRounds "9"]
[EventCountry "HUN"]
[Source "ChessBase"]
[SourceDate "2007.07.04"]

1. d4 Nf6 2. Nf3 e6 3. c4 b6 4. g3 Ba6 5. Qc2 Bb4+ 6. Bd2 Be7 7. Bg2 O-O 8. O-O
c6 9. Bf4 Nh5 10. Rc1 Nxf4 11. gxf4 d5 12. Nbd2 Nd7 13. cxd5 cxd5 14. e3 Bb7
15. Qc7 1/2-1/2

[Event "Mitropa Cup 26th"]
[Site "Szeged"]
[Date "2007.05.14"]
[Round "7"]
[White "Bogner, Sebastian"]
[Black "Zueger, Beat"]
[Result "1-0"]
[WhiteElo "2345"]
[BlackElo "2415"]
[PlyCount "77"]
[EventDate "2007.05.08"]
[EventType "team-tourn"]
[EventRounds "9"]
[EventCountry "HUN"]
[Source "ChessBase"]
[SourceDate "2007.07.04"]

1. e4 e6 2. d4 d5 3. Nd2 Nf6 4. e5 Nfd7 5. Bd3 c5 6. c3 Nc6 7. Ne2 cxd4 8. cxd4
f6 9. exf6 Nxf6 10. Nf3 Bd6 11. O-O O-O 12. Bf4 Bxf4 13. Nxf4 Ne4 14. Qc1 Ng5
15. Nxg5 Qxg5 16. Bxh7+ Kxh7 17. Nxe6 Qf5 18. Nxf8+ Qxf8 19. Qg5 Bf5 20. Rfe1
Rd8 21. Re3 Rd6 22. Rf3 Rf6 23. Re1 Kg8 24. Rf4 Nd8 25. Qg3 Nc6 26. Qf3 Qf7 27.
h4 Nd8 28. Re5 Be6 29. Rxf6 gxf6 30. Re3 Nc6 31. Qf4 Kh7 32. a3 a5 33. h5 Bd7
34. Qd6 Bg4 35. b4 axb4 36. axb4 Qxh5 37. Qxf6 Bf5 38. Rf3 Bc8 39. b5 1-0

[Event "Mitropa Cup 26th"]
[Site "Szeged"]
[Date "2007.05.14"]
[Round "7"]
[White "Borgo, Giulio"]
[Black "Bosiocic, Marin"]
[Result "1-0"]
[WhiteElo "2418"]
[BlackElo "2484"]
[PlyCount "61"]
[EventDate "2007.05.08"]
[EventType "team-tourn"]
[EventRounds "9"]
[EventCountry "HUN"]
[Source "ChessBase"]
[SourceDate "2007.07.04"]

1. Nf3 d5 2. d4 Nc6 3. Bf4 Bg4 4. e3 e6 5. Nbd2 Bd6 6. Be2 Bxf4 7. exf4 Qd6 8.
g3 Nf6 9. c3 O-O 10. Ne5 Bxe2 11. Qxe2 Ne7 12. O-O Rfd8 13. Ndf3 h6 14. Rfe1 a5
15. Kh1 Qa6 16. Nd3 Ne4 17. Rad1 a4 18. a3 Nf5 19. g4 Ne7 20. Nfe5 Nd6 21. Qf3
b6 22. Qh3 Qc8 23. Qh5 f6 24. Nf3 Qd7 25. Re3 Nc4 26. Re2 Nd6 27. Rde1 Ne4 28.
Nh4 Qb5 29. Rxe4 Qxd3 30. Rxe6 Nc8 31. R6e3 1-0

[Event "Mitropa Cup 26th"]
[Site "Szeged"]
[Date "2007.05.14"]
[Round "7"]
[White "Caruana, Fabiano"]
[Black "Saric, Ante"]
[Result "0-1"]
[WhiteElo "2523"]
[BlackElo "2496"]
[PlyCount "70"]
[EventDate "2007.05.08"]
[EventType "team-tourn"]
[EventRounds "9"]
[EventCountry "HUN"]
[Source "ChessBase"]
[SourceDate "2007.07.04"]

1. e4 e5 2. Nf3 Nf6 3. Nxe5 d6 4. Nf3 Nxe4 5. d4 d5 6. Bd3 Bd6 7. O-O O-O 8. c4
c6 9. cxd5 cxd5 10. Nc3 Nxc3 11. bxc3 Bg4 12. Rb1 Nd7 13. h3 Bh5 14. Rb5 Nb6
15. c4 Bxf3 16. Qxf3 dxc4 17. Bc2 Qd7 18. a4 Rfe8 19. Bd2 Bc7 20. Bc3 Rad8 21.
g3 a6 22. Rh5 g6 23. d5 Nxd5 24. Rd1 f5 25. Rh4 Qf7 26. Bd2 b5 27. axb5 axb5
28. Bg5 Nf6 29. Rf1 Be5 30. Qc6 Qd7 31. Qf3 Qd5 32. Qa3 Ra8 33. Qb4 Ne4 34. Be3
Bf6 35. Rh6 Nxg3 0-1

[Event "Mitropa Cup 26th"]
[Site "Szeged"]
[Date "2007.05.14"]
[Round "7"]
[White "Diermair, Andreas"]
[Black "Feller, Sebastien"]
[Result "0-1"]
[WhiteElo "2385"]
[BlackElo "2445"]
[PlyCount "82"]
[EventDate "2007.05.08"]
[EventType "team-tourn"]
[EventRounds "9"]
[EventCountry "HUN"]
[Source "ChessBase"]
[SourceDate "2007.07.04"]

1. e4 c5 2. Nf3 d6 3. d4 cxd4 4. Nxd4 Nf6 5. Nc3 a6 6. Be3 e5 7. Nb3 Be6 8. f3
Be7 9. Qd2 O-O 10. O-O-O Nbd7 11. g4 b5 12. g5 b4 13. Ne2 Ne8 14. f4 a5 15. f5
a4 16. Nbd4 exd4 17. Nxd4 b3 18. Kb1 bxc2+ 19. Nxc2 Bb3 20. axb3 axb3 21. Na3
Ne5 22. h4 Ra4 23. Bd4 Qa8 24. Qe3 Nc7 25. f6 Bd8 26. fxg7 Re8 27. g6 Nxg6 28.
Qxb3 Be7 29. Nc2 Rb8 30. Qc3 Ne6 31. h5 Ne5 32. Bh3 Rc8 33. Qb3 Rxc2 34. Kxc2
Nxd4+ 35. Rxd4 Rxd4 36. Bf5 Kxg7 37. Rg1+ Kh8 38. Qe3 Qa4+ 39. Kb1 Rd1+ 40.
Rxd1 Qxd1+ 41. Ka2 Qxh5 0-1

[Event "Mitropa Cup 26th"]
[Site "Szeged"]
[Date "2007.05.14"]
[Round "7"]
[White "Doric, Darko"]
[Black "Mogranzini, Roberto"]
[Result "1/2-1/2"]
[WhiteElo "2482"]
[BlackElo "2421"]
[PlyCount "58"]
[EventDate "2007.05.08"]
[EventType "team-tourn"]
[EventRounds "9"]
[EventCountry "HUN"]
[Source "ChessBase"]
[SourceDate "2007.07.04"]

1. d4 Nf6 2. c4 g6 3. Nc3 d5 4. cxd5 Nxd5 5. Bd2 Nb6 6. Nf3 Bg7 7. Rc1 O-O 8.
Bg5 Nc6 9. e3 Be6 10. Bb5 Nb4 11. a3 a6 12. Be2 N4d5 13. Ne4 Nd7 14. O-O a5 15.
Bh4 h6 16. Nc5 Nxc5 17. Rxc5 c6 18. Bg3 Qb6 19. Qd2 Rfd8 20. Rfc1 Nf6 21. Bd3
Nd7 22. R5c2 Bg4 23. Qe1 Bxf3 24. gxf3 e5 25. dxe5 Nxe5 26. Bxe5 Bxe5 27. Bc4
Qc7 28. f4 Bf6 29. Rd1 Kg7 1/2-1/2

[Event "Mitropa Cup 26th"]
[Site "Szeged"]
[Date "2007.05.14"]
[Round "7"]
[White "Jenni, Florian"]
[Black "Naumann, Alexander"]
[Result "1-0"]
[WhiteElo "2518"]
[BlackElo "2543"]
[PlyCount "147"]
[EventDate "2007.05.08"]
[EventType "team-tourn"]
[EventRounds "9"]
[EventCountry "HUN"]
[Source "ChessBase"]
[SourceDate "2007.07.04"]

1. e4 c5 2. Nf3 d6 3. d4 cxd4 4. Nxd4 Nf6 5. Nc3 a6 6. Be3 e6 7. g4 h6 8. Bg2
e5 9. Nf5 g6 10. Qe2 gxf5 11. exf5 Nc6 12. O-O-O Bd7 13. f4 Qa5 14. g5 hxg5 15.
fxg5 Rc8 16. gxf6 Nb4 17. a3 Rxc3 18. bxc3 Na2+ 19. Kb2 Nxc3 20. Qc4 Nxd1+ 21.
Rxd1 Qb5+ 22. Qxb5 axb5 23. Bxb7 Bxf5 24. Ba6 Rxh2 25. Bxb5+ Kd8 26. Rd2 Rxd2
27. Bxd2 Be4 28. c4 Kc7 29. Be8 Bg6 30. a4 d5 31. Ba5+ Kc8 32. cxd5 Bc5 33. Kc3
Bf2 34. Kc4 Bh4 35. d6 Bf5 36. Bb6 Bxf6 37. a5 Bh3 38. Kc5 Bh4 39. Kd5 Bg2+ 40.
Kc4 Bf1+ 41. Kb3 f5 42. d7+ Kb7 43. Bg6 f4 44. Be4+ Ka6 45. d8=Q Bxd8 46. Bxd8
Be2 47. Kc3 Bb5 48. Bc7 Be2 49. Kb4 f3 50. Bb6 Bf1 51. Bxf3 Bd3 52. Bg4 Kb7 53.
Bg1 e4 54. Bf5 Kc6 55. Be3 Kb7 56. Bb6 Bc2 57. Kc5 Bd3 58. Kd6 Bc2 59. Be6 Bd3
60. Bd5+ Kb8 61. Bc6 Ba6 62. Bxe4 Bb7 63. Bd3 Bf3 64. Bf5 Bg2 65. Bc7+ Kb7 66.
Kd7 Bf3 67. Kd8 Ka7 68. Bb6+ Kb7 69. Bc8+ Kb8 70. a6 Be4 71. Bd4 Bd3 72. Bb7
Bb5 73. Be5+ Ka7 74. Kc7 1-0

[Event "Mitropa Cup 26th"]
[Site "Szeged"]
[Date "2007.05.14"]
[Round "7"]
[White "Kraemer, Martin"]
[Black "Loetscher, Roland"]
[Result "1/2-1/2"]
[WhiteElo "2424"]
[BlackElo "2386"]
[PlyCount "88"]
[EventDate "2007.05.08"]
[EventType "team-tourn"]
[EventRounds "9"]
[EventCountry "HUN"]
[Source "ChessBase"]
[SourceDate "2007.07.04"]

1. d4 d5 2. c4 c6 3. Nf3 Nf6 4. Qc2 g6 5. Bf4 Bg7 6. e3 O-O 7. Nc3 Bf5 8. Qb3
Qb6 9. h3 Nbd7 10. Be2 dxc4 11. Bxc4 Ne4 12. O-O Nd6 13. Na4 Qa5 14. Be2 b5 15.
Nc3 Rac8 16. a3 a6 17. Rfd1 Rfe8 18. Ng5 h6 19. Bxd6 hxg5 20. Bb4 Qb6 21. e4
Be6 22. d5 cxd5 23. exd5 Bf5 24. g4 Bxc3 25. Bxc3 Nc5 26. Qb4 Bd7 27. Qd4 f6
28. Bd3 Kf7 29. Bc2 Qd6 30. Bb4 Qf4 31. Qxf4 gxf4 32. Rd4 g5 33. Re1 Nb7 34.
Bd3 Nd6 35. Kg2 Nc4 36. Bxc4 Rxc4 37. Rxc4 bxc4 38. Kf3 e6 39. dxe6+ Bxe6 40.
Rd1 Bc8 41. Kg2 Bb7+ 42. Kf1 Bf3 43. Rd7+ Kg6 44. Rd6 Rh8 1/2-1/2

[Event "Mitropa Cup 26th"]
[Site "Szeged"]
[Date "2007.05.14"]
[Round "7"]
[White "Le Roux, Jean Pierre"]
[Black "Kreisl, Robert"]
[Result "1-0"]
[WhiteElo "2447"]
[BlackElo "2289"]
[PlyCount "73"]
[EventDate "2007.05.08"]
[EventType "team-tourn"]
[EventRounds "9"]
[EventCountry "HUN"]
[Source "ChessBase"]
[SourceDate "2007.07.04"]

1. d4 Nf6 2. Nf3 g6 3. Nc3 d5 4. Bf4 c6 5. e3 Bg7 6. Be2 O-O 7. h4 Bg4 8. Ne5
Bxe2 9. Qxe2 Nbd7 10. O-O-O Qa5 11. h5 Nxe5 12. dxe5 Ne4 13. hxg6 hxg6 14. Qg4
Nxc3 15. bxc3 Rfd8 16. Qh4 Kf8 17. Qh7 e6 18. Qxg7+ Kxg7 19. Bg5 f6 20. Bxf6+
Kf7 21. Rh7+ Ke8 22. Rdh1 Qa3+ 23. Kb1 Qf8 24. Rh8 Rdb8 25. R1h7 Qxh8 26. Rxh8+
Kf7 27. Rh7+ Kf8 28. g4 b5 29. f4 b4 30. cxb4 a5 31. f5 gxf5 32. g5 Rxb4+ 33.
Kc1 Rab8 34. g6 Ke8 35. Rh8+ Kd7 36. g7 c5 37. Rf8 1-0

[Event "Mitropa Cup 26th"]
[Site "Szeged"]
[Date "2007.05.14"]
[Round "7"]
[White "Marzolo, Cyril"]
[Black "Neubauer, Martin"]
[Result "1/2-1/2"]
[WhiteElo "2459"]
[BlackElo "2474"]
[PlyCount "51"]
[EventDate "2007.05.08"]
[EventType "team-tourn"]
[EventRounds "9"]
[EventCountry "HUN"]
[Source "ChessBase"]
[SourceDate "2007.07.04"]

1. d4 Nf6 2. c4 c5 3. d5 b5 4. Nf3 g6 5. Nfd2 Bg7 6. e4 d6 7. cxb5 a6 8. Nc3
O-O 9. a4 Nbd7 10. Ra3 axb5 11. Bxb5 Ba6 12. O-O Ne8 13. Bxa6 Rxa6 14. Qc2 Nc7
15. b3 e6 16. Nc4 exd5 17. Nxd5 Nxd5 18. exd5 Qa8 19. Rd1 Bd4 20. Bb2 Qxd5 21.
b4 Qe6 22. b5 Raa8 23. Ne3 Qe5 24. Nc4 Qe6 25. Ne3 Qe5 26. Nc4 1/2-1/2

[Event "Mitropa Cup 26th"]
[Site "Szeged"]
[Date "2007.05.14"]
[Round "7"]
[White "Meier, Georg"]
[Black "Kurmann, Oliver"]
[Result "1/2-1/2"]
[WhiteElo "2506"]
[BlackElo "2433"]
[PlyCount "47"]
[EventDate "2007.05.08"]
[EventType "team-tourn"]
[EventRounds "9"]
[EventCountry "HUN"]
[Source "ChessBase"]
[SourceDate "2007.07.04"]

1. e4 e6 2. d4 d5 3. Nd2 Nf6 4. e5 Nfd7 5. Bd3 c5 6. c3 Nc6 7. Ne2 cxd4 8. cxd4
f6 9. exf6 Nxf6 10. O-O Bd6 11. Nf3 Qc7 12. g3 O-O 13. Bf4 Bxf4 14. Nxf4 Qb6
15. Qd2 Kh8 16. Rae1 Nxd4 17. Nxd4 Qxd4 18. Nxe6 Bxe6 19. Rxe6 Ne4 20. Qe2 Nxf2
21. Rxf2 Rxf2 22. Qxf2 Qxd3 23. Re7 b6 24. Rxa7 1/2-1/2

[Event "Mitropa Cup 26th"]
[Site "Szeged"]
[Date "2007.05.14"]
[Round "7"]
[White "Pinter, Erik"]
[Black "Hoang, Thanh Trang"]
[Result "1-0"]
[WhiteElo "2394"]
[BlackElo "2472"]
[PlyCount "71"]
[EventDate "2007.05.08"]
[EventType "team-tourn"]
[EventRounds "9"]
[EventCountry "HUN"]
[Source "ChessBase"]
[SourceDate "2007.07.04"]

1. e4 e6 2. d4 d5 3. Nc3 Nf6 4. e5 Nfd7 5. f4 c5 6. Nf3 a6 7. Ne2 Nc6 8. c3 b5
9. g3 b4 10. cxb4 Nxb4 11. Bh3 Qb6 12. O-O cxd4 13. Nexd4 Bc5 14. Kh1 O-O 15.
a3 Nc6 16. Nxc6 Qxc6 17. b4 Ba7 18. Bb2 Nb6 19. Bd4 Nc4 20. Rc1 Bxd4 21. Qxd4
Qa4 22. Rc3 a5 23. bxa5 Rxa5 24. Ra1 Ba6 25. f5 exf5 26. Bxf5 Re8 27. Qa7 Nxe5
28. Bc2 Qd7 29. Rc7 Qe6 30. Re1 Be2 31. Qxa5 Nxf3 32. Bf5 Qe3 33. Qxd5 Ng5 34.
Qg2 g6 35. Rc8 gxf5 36. Qxe2 1-0

[Event "Mitropa Cup 26th"]
[Site "Szeged"]
[Date "2007.05.14"]
[Round "7"]
[White "Ragger, Markus"]
[Black "Wirig, Anthony"]
[Result "1-0"]
[WhiteElo "2498"]
[BlackElo "2443"]
[PlyCount "55"]
[EventDate "2007.05.08"]
[EventType "team-tourn"]
[EventRounds "9"]
[EventCountry "HUN"]
[Source "ChessBase"]
[SourceDate "2007.07.04"]

1. e4 c5 2. Nf3 e6 3. d4 cxd4 4. Nxd4 a6 5. Bd3 Bc5 6. Nb3 Ba7 7. Qg4 Nf6 8.
Qg3 d6 9. e5 dxe5 10. Nc3 Nbd7 11. O-O O-O 12. Bg5 Qc7 13. Rae1 Rb8 14. a4 Bc5
15. Nxc5 Qxc5 16. Qh4 Qd4 17. Ne4 Nd5 18. Re3 f5 19. Rh3 h6 20. Bxh6 fxe4 21.
Bxg7 N5f6 22. Qh8+ Kf7 23. Bxf8 Nxf8 24. Be2 Qd2 25. Rg3 Qf4 26. Bh5+ Nxh5 27.
Qxh5+ Ke7 28. Rg7+ 1-0

[Event "Mitropa Cup 26th"]
[Site "Szeged"]
[Date "2007.05.14"]
[Round "7"]
[White "Ruck, Robert"]
[Black "Tibensky, Robert"]
[Result "1/2-1/2"]
[WhiteElo "2534"]
[BlackElo "2422"]
[PlyCount "41"]
[EventDate "2007.05.08"]
[EventType "team-tourn"]
[EventRounds "9"]
[EventCountry "HUN"]
[Source "ChessBase"]
[SourceDate "2007.07.04"]

1. Nf3 Nf6 2. c4 d6 3. d4 Nbd7 4. Nc3 e5 5. g3 Be7 6. Bg2 O-O 7. O-O Re8 8. Qc2
c6 9. Rd1 Qc7 10. h3 a6 11. Be3 Bf8 12. Rac1 b6 13. b4 Bb7 14. c5 bxc5 15. bxc5
exd4 16. Bxd4 dxc5 17. Bxf6 Nxf6 18. Ng5 h6 19. Nge4 Nxe4 20. Nxe4 Re5 21. e3
1/2-1/2

[Event "Mitropa Cup 26th"]
[Site "Szeged"]
[Date "2007.05.14"]
[Round "7"]
[White "Sakelsek, Tadej"]
[Black "Vokac, Marek"]
[Result "1-0"]
[WhiteElo "2487"]
[BlackElo "2482"]
[PlyCount "127"]
[EventDate "2007.05.08"]
[EventType "team-tourn"]
[EventRounds "9"]
[EventCountry "HUN"]
[Source "ChessBase"]
[SourceDate "2007.07.04"]

1. e4 g6 2. d4 Bg7 3. Nc3 d6 4. f4 c6 5. Nf3 Qb6 6. h3 Nd7 7. e5 d5 8. Be2 Nf8
9. O-O h5 10. b3 Nh6 11. Na4 Qd8 12. Be3 Nf5 13. Bf2 Ne6 14. g3 h4 15. g4 Ng3
16. Bxg3 hxg3 17. Ng5 Nxg5 18. fxg5 Rxh3 19. Kg2 Rh2+ 20. Kxg3 Rh8 21. Qd2 b6
22. Rh1 Be6 23. Rxh8+ Bxh8 24. Rh1 Kd7 25. Nb2 Qg8 26. Nd3 Kc7 27. Nf4 Bd7 28.
Qb4 e6 29. Qd6+ Kd8 30. Ba6 Bg7 31. Rf1 Qe8 32. Bb7 Rc8 33. Bxc8 Kxc8 34. Qa3
Kb7 35. Qc1 Qd8 36. Nd3 Be8 37. Rf2 Bf8 38. Ne1 Be7 39. Nf3 c5 40. c3 a5 41.
Rh2 Qc7 42. Rh8 Qc6 43. Qh1 cxd4 44. cxd4 Bb4 45. a3 Bc3 46. Qc1 b5 47. Rxe8
Qxe8 48. Qxc3 Qd8 49. Qc5 Qb6 50. Kf4 b4 51. axb4 Qxb4 52. Qxb4+ axb4 53. Ne1
Kb6 54. Nd3 Kb5 55. Ke3 Ka5 56. Nc5 Kb6 57. Kd2 Kc6 58. Na6 Kb5 59. Nc7+ Kc6
60. Ne8 Kd7 61. Nd6 Ke7 62. Kc2 Kf8 63. Nc4 Ke7 64. Nb2 1-0

[Event "Mitropa Cup 26th"]
[Site "Szeged"]
[Date "2007.05.14"]
[Round "7"]
[White "Saric, Ivan"]
[Black "Brunello, Sabino"]
[Result "0-1"]
[WhiteElo "2463"]
[BlackElo "2454"]
[PlyCount "134"]
[EventDate "2007.05.08"]
[EventType "team-tourn"]
[EventRounds "9"]
[EventCountry "HUN"]
[Source "ChessBase"]
[SourceDate "2007.07.04"]

1. e4 e5 2. Nf3 Nc6 3. Bc4 Bc5 4. c3 Nf6 5. d3 O-O 6. O-O d5 7. exd5 Nxd5 8. h3
Nb6 9. Bg5 Qd6 10. b4 Nxc4 11. bxc5 Qg6 12. dxc4 e4 13. Be3 exf3 14. Qxf3 Ne5
15. Qg3 Qxg3 16. fxg3 Nxc4 17. Bf4 Rd8 18. Bxc7 Rd5 19. Bf4 Be6 20. a4 g5 21.
Bc1 Rc8 22. Ra2 Rcxc5 23. Re2 h6 24. Nd2 Nxd2 25. Bxd2 Rc4 26. Be3 Re5 27. Rfe1
Rce4 28. Kf2 Rf5+ 29. Kg1 Rxa4 30. Bd4 Rb5 31. h4 Rc4 32. Rf2 a5 33. Rf6 Kh7
34. Kf2 Rb2+ 35. Ke3 Rxg2 36. Kf3 Rh2 37. hxg5 hxg5 38. Re5 Rh5 39. g4 Rh3+ 40.
Kg2 Rh6 41. Rf1 Rc8 42. Rxa5 Rg8 43. Kg3 Rh4 44. Raf5 Rxg4+ 45. Kxg4 Kg6 46.
Bf6 Rc8 47. Bxg5 Rxc3 48. Be7 Rc4+ 49. Kf3 Kxf5 50. Ke3+ Ke5 51. Rb1 Bd5 52.
Bf8 Re4+ 53. Kd3 Rg4 54. Ke3 Rg3+ 55. Kf2 Rg2+ 56. Ke3 f5 57. Bh6 Rg3+ 58. Kf2
Rg6 59. Be3 f4 60. Bb6 Rg2+ 61. Kf1 Rc2 62. Bf2 Bc4+ 63. Kg2 b5 64. Re1+ Kf5
65. Re8 b4 66. Rf8+ Kg4 67. Rb8 b3 0-1

[Event "Mitropa Cup 26th"]
[Site "Szeged"]
[Date "2007.05.14"]
[Round "7"]
[White "Skoberne, Jure"]
[Black "Priborsky, Ivo"]
[Result "1-0"]
[WhiteElo "2440"]
[BlackElo "2370"]
[PlyCount "81"]
[EventDate "2007.05.08"]
[EventType "team-tourn"]
[EventRounds "9"]
[EventCountry "HUN"]
[Source "ChessBase"]
[SourceDate "2007.07.04"]

1. e4 e5 2. Nf3 Nc6 3. Bb5 a6 4. Bxc6 dxc6 5. O-O f6 6. d3 Bg4 7. Be3 Qd7 8.
Nbd2 Rd8 9. h3 Be6 10. d4 exd4 11. Nxd4 Bf7 12. Qf3 c5 13. Nf5 g6 14. Ng3 Bg7
15. Rfd1 Qc6 16. Nb3 Rxd1+ 17. Rxd1 b6 18. Bf4 Ne7 19. Qd3 O-O 20. Qd7 c4 21.
Qxe7 cxb3 22. cxb3 Qc2 23. Rd8 Qxb2 24. Bxc7 h5 25. e5 fxe5 26. Bxe5 Qb1+ 27.
Kh2 h4 28. Rxf8+ Bxf8 29. Qxh4 Bg7 30. Bxg7 Kxg7 31. Qd4+ Kf8 32. Qxb6 Qxa2 33.
Qd8+ Kg7 34. Qd4+ Kf8 35. b4 Qe6 36. Ne4 Kg8 37. Ng5 Qf5 38. f4 Bd5 39. Qe5
Qxe5 40. fxe5 Kf8 41. g4 1-0

[Event "Mitropa Cup 26th"]
[Site "Szeged"]
[Date "2007.05.14"]
[Round "7"]
[White "Smolen, Jan"]
[Black "Erdos, Viktor"]
[Result "0-1"]
[WhiteElo "2327"]
[BlackElo "2518"]
[PlyCount "78"]
[EventDate "2007.05.08"]
[EventType "team-tourn"]
[EventRounds "9"]
[EventCountry "HUN"]
[Source "ChessBase"]
[SourceDate "2007.07.04"]

1. e4 e6 2. d4 d5 3. Nd2 Ne7 4. Ngf3 Nd7 5. Bd3 c5 6. O-O cxd4 7. Nxd4 Nc5 8.
N2f3 Nxe4 9. Bxe4 dxe4 10. Ng5 Ng6 11. Nb5 Bd7 12. Nd6+ Bxd6 13. Qxd6 Bc6 14.
Qb4 a5 15. Qc3 O-O 16. Re1 Rc8 17. Qe3 Bd5 18. Qe2 Qe8 19. Nxe4 Qc6 20. c3 f5
21. Ng5 h6 22. Nf3 Bxf3 23. Qxf3 Qxf3 24. gxf3 e5 25. Kf1 Rc4 26. Ke2 Rh4 27.
Rg1 Rf6 28. Rg2 Rh3 29. Be3 Nh4 30. Rg3 Rxh2 31. Bc5 g5 32. Rd1 Re6 33. Rd7 Rh1
34. Be7 Ng6 35. Bxg5 hxg5 36. Rxg5 Rb6 37. b4 axb4 38. cxb4 Rh7 39. Rd5 Kf7 0-1

[Event "Mitropa Cup 26th"]
[Site "Szeged"]
[Date "2007.05.14"]
[Round "7"]
[White "Varga, Zoltan"]
[Black "Michalik, Peter"]
[Result "1-0"]
[WhiteElo "2499"]
[BlackElo "2311"]
[PlyCount "79"]
[EventDate "2007.05.08"]
[EventType "team-tourn"]
[EventRounds "9"]
[EventCountry "HUN"]
[Source "ChessBase"]
[SourceDate "2007.07.04"]

1. e4 e6 2. d4 d5 3. Nc3 Nf6 4. Bg5 Bb4 5. e5 h6 6. Bd2 Bxc3 7. bxc3 Ne4 8. Qg4
Kf8 9. Qf4 c5 10. dxc5 Nc6 11. Nf3 Qc7 12. h4 Nxc5 13. c4 Ne4 14. Rd1 Nxd2 15.
Rxd2 Bd7 16. cxd5 exd5 17. Bb5 a6 18. Bxc6 bxc6 19. O-O Be6 20. c4 Kg8 21. Nd4
Kh7 22. Rc1 Rhd8 23. Nxe6 fxe6 24. cxd5 Rxd5 25. Qe4+ Kg8 26. Rxd5 cxd5 27.
Rxc7 dxe4 28. Rc4 Rb8 29. Rxe4 Rb1+ 30. Kh2 Rb2 31. Ra4 Rxf2 32. Rxa6 Re2 33.
Ra5 h5 34. a4 Re4 35. g3 Kh7 36. Kg2 Kg6 37. Kf2 Kf5 38. Ra7 g6 39. Rf7+ Kxe5
40. Rf4 1-0

[Event "Mitropa Cup 26th"]
[Site "Szeged"]
[Date "2007.05.15"]
[Round "8"]
[White "Bernasek, Jan"]
[Black "Godena, Michele"]
[Result "1/2-1/2"]
[WhiteElo "2509"]
[BlackElo "2558"]
[PlyCount "176"]
[EventDate "2007.05.08"]
[EventType "team-tourn"]
[EventRounds "9"]
[EventCountry "HUN"]
[Source "ChessBase"]
[SourceDate "2007.07.04"]

1. d4 d5 2. c4 c6 3. Nf3 Nf6 4. e3 e6 5. Bd3 Nbd7 6. O-O Bd6 7. Nc3 O-O 8. e4
dxc4 9. Bxc4 e5 10. Bg5 Qe7 11. Bb3 Rd8 12. d5 h6 13. Bh4 Nf8 14. Nd2 Ng6 15.
Bg3 Bb4 16. Ndb1 Nf4 17. a3 Ba5 18. Bxf4 exf4 19. Qf3 Qe5 20. h3 cxd5 21. exd5
Bf5 22. Nd2 Bxc3 23. bxc3 Nxd5 24. Rfe1 Qxc3 25. Bxd5 Qxf3 26. Bxf3 Rxd2 27.
Bxb7 Rb8 28. Re7 Rd7 29. Rxd7 Bxd7 30. Bd5 Bf5 31. Rc1 Rb1 32. Rxb1 Bxb1 33. g3
fxg3 34. fxg3 g5 35. h4 gxh4 36. gxh4 Kf8 37. Kf2 Ke7 38. Ke3 f6 39. Kf4 Bg6
40. Bf3 Kd6 41. Bg4 Bf7 42. Be2 Be6 43. Bd3 a5 44. Bf5 Bb3 45. Bg6 Ke7 46. Kg4
Bd1+ 47. Kf4 Be2 48. Bc2 Kf7 49. Bf5 Bh5 50. Bc2 Bg6 51. Bb3+ Ke7 52. Bd1 Kd6
53. Bg4 Be8 54. Bc8 Bg6 55. Bf5 Bf7 56. Bc2 Be6 57. Bf5 Ke7 58. Bg6 Bd7 59. Bc2
a4 60. Bd3 Kd6 61. Bg6 Be8 62. Bc2 Bd7 63. Bf5 Be6 64. Bg6 Bb3 65. Kf5 Ke7 66.
Kf4 Kf8 67. Kf5 Ke7 68. Kf4 Bd1 69. Bd3 Ke6 70. Bg6 Ke7 71. Bd3 Kf7 72. Bf5 Bb3
73. Bg4 Kg6 74. Bf3 Bc2 75. Be2 Bb3 76. Bf3 Kf7 77. Bg4 Ke7 78. Bf5 Be6 79. Bc2
Bd7 80. Bf5 Bxf5 81. Kxf5 Kf7 82. h5 Ke7 83. Kg6 Ke6 84. Kxh6 Kf7 85. Kh7 f5
86. h6 f4 87. Kh8 f3 88. h7 f2 1/2-1/2

[Event "Mitropa Cup 26th"]
[Site "Szeged"]
[Date "2007.05.15"]
[Round "8"]
[White "Borgo, Giulio"]
[Black "Priborsky, Ivo"]
[Result "0-1"]
[WhiteElo "2418"]
[BlackElo "2370"]
[PlyCount "110"]
[EventDate "2007.05.08"]
[EventType "team-tourn"]
[EventRounds "9"]
[EventCountry "HUN"]
[Source "ChessBase"]
[SourceDate "2007.07.04"]

1. Nf3 Nf6 2. d4 e6 3. e3 c5 4. Bd3 d5 5. O-O Nc6 6. b3 Be7 7. Bb2 O-O 8. Nbd2
b6 9. a3 Bb7 10. Qe2 Qc7 11. Rac1 Rac8 12. c4 cxd4 13. exd4 Qf4 14. c5 bxc5 15.
dxc5 a5 16. Ne5 Ne4 17. Nxc6 Bxc6 18. Nxe4 dxe4 19. Ba6 Rb8 20. Rc3 Rfd8 21.
Rg3 Bf6 22. Bxf6 Qxf6 23. Qe1 Ra8 24. Bc4 Qd4 25. Qc3 e5 26. Qc1 Qd2 27. Qa1
Rd4 28. Qc3 Kf8 29. Rh3 Qxc3 30. Rxc3 Ke7 31. Re1 f5 32. f3 Kf6 33. fxe4 Bxe4
34. Bb5 Rb8 35. a4 Rc8 36. c6 Rc7 37. Rec1 Rd2 38. Bf1 Rd6 39. Bb5 g5 40. Rc5
h5 41. Re1 Rd2 42. Re2 Rxe2 43. Bxe2 Rxc6 44. Rxa5 Rc1+ 45. Kf2 Rc2 46. Ra6+
Ke7 47. Ke1 Bxg2 48. Bd3 Rc1+ 49. Kd2 Rh1 50. Bxf5 Rxh2 51. Kc3 g4 52. Re6+ Kf7
53. Rxe5 Kf6 54. Kd4 g3 55. Bd3 Rh4+ 0-1